Loading...
History - American History | 0 | 5 | 0 | 1 | 50 | 96 | 114.40 | 0 | 4 |
Literature - American Literature | 0 | 4 | 0 | 1 | 40 | 75 | 117.75 | 2 | 2 |
Fine Arts - Painting and Sculpture | 0 | 4 | 1 | 1 | 35 | 102 | 126.00 | 2 | 2 |
Religion | 0 | 3 | 0 | 2 | 30 | 131 | 134.00 | 0 | 1 |
Literature - European Literature | 0 | 3 | 0 | 0 | 30 | 119 | 123.00 | 0 | 2 |
History - World History | 0 | 3 | 0 | 1 | 30 | 120 | 127.00 | 0 | 0 |
Philosophy | 0 | 3 | 1 | 1 | 25 | 121 | 129.00 | 0 | 0 |
Literature - World Literature | 0 | 4 | 3 | 1 | 25 | 111 | 127.50 | 0 | 1 |
Social Science | 0 | 2 | 0 | 0 | 20 | 83 | 92.50 | 1 | 1 |
Fine Arts - Other Fine Arts | 0 | 3 | 2 | 0 | 20 | 80 | 108.67 | 0 | 2 |
Literature - British Literature | 0 | 2 | 1 | 0 | 15 | 123 | 129.50 | 0 | 1 |
History - Other History | 0 | 1 | 0 | 1 | 10 | 134 | 134.00 | 0 | 0 |
Mythology | 0 | 1 | 0 | 0 | 10 | 122 | 122.00 | 0 | 0 |
Current Events | 0 | 1 | 0 | 1 | 10 | 136 | 136.00 | 0 | 0 |
Fine Arts - Classical Music | 0 | 1 | 0 | 0 | 10 | 113 | 113.00 | 0 | 1 |
Science - Biology | 0 | 1 | 0 | 1 | 10 | 123 | 123.00 | 0 | 0 |
Science - Other Science | 0 | 1 | 0 | 1 | 10 | 122 | 122.00 | 0 | 1 |
Pop Culture | 0 | 1 | 0 | 0 | 10 | 39 | 39.00 | 1 | 1 |
History - European History | 0 | 0 | 0 | 0 | 0 | 0.00 | 0 | 0 | |
Science - Chemistry | 0 | 0 | 0 | 0 | 0 | 0.00 | 0 | 0 | |
Other Academic | 0 | 0 | 1 | 0 | -5 | 0.00 | 0 | 0 |